Tendencie v dimenziách predprimárneho a primárneho vzdelávania

Bibliographic Details
Corporate Author: Tendencie v dimenziách predprimárneho a primárneho vzdelávania Ružomberok, Slovensko (Author)
Other Authors: Uhrinová, Miriam, 1975- (Editor), Benyak, Jozef (Editor)
Format: Conference Proceeding Software eBook
Language:Slovak
Czech
Polish
Russian
PhysicalDescription:1 elektronický optický disk (CD-ROM) fareb. 12 cm
Published: Ružomberok Verbum 2017
ISBN:9788056104903 (elektronická kniha)
Subjects:

MARC

LEADER 00000cam a2200000 a 4500
001 vtls011720796
003 SK-MaSNL
005 20260301183218.0
007 co cg auuua
008 171115s2017 xo | fs 100 0 slo
015 |a SNBS2019 
020 |a 9788056104903 (elektronická kniha) 
040 |a SNK  |b slo  |c SNK  |e AACR2 
041 0 |a slo  |a cze  |a pol  |a rus  |b eng 
044 |a xo  |c SK 
072 7 |a 373.2/.3  |x Predškolská a primárna výchova a vzdelávanie  |2 konspekt 
080 |a 373.2  |2 2011 
080 |a 373.3  |2 2011 
080 |a 37.01/.09  |2 2011 
080 |a (062.534)  |2 2011 
080 |a (0.034.44)  |2 2011 
111 2 |a Tendencie v dimenziách predprimárneho a primárneho vzdelávania  |d (2017 :  |c Ružomberok, Slovensko)  |4 aut  |9 558168 
245 1 0 |a Tendencie v dimenziách predprimárneho a primárneho vzdelávania  |h elektronický zdroj  |c Miriam Uhrinová - Jozef Benyak (Eds.) 
260 |a Ružomberok  |b Verbum  |c 2017 
300 |a 1 elektronický optický disk (CD-ROM)  |b fareb.  |c 12 cm 
500 |a Názov z titulnej obrazovky 
500 |a Nad názvom: Katedra predškolskej a elementárnej pedagogiky, Katolícka univerzita v Ružomberku, Pedagogická fakulta 
504 |a Bibliogr. a bibliogr. odkazy 
516 |a Textový dokument (zborník), súbor vo formáte pdf 
538 |a Technické požiadavky: PDF prehliadač 
546 |a Text čiast. aj čes., poľ., rus. ; res. angl. 
650 0 7 |a Primary education  |2 SNKPHeng  |9 342127 
650 0 7 |a základné vzdelávanie  |2 SNKPH  |9 69527 
650 0 7 |a výchova a vzdelávanie  |2 SNKPH  |9 1684 
650 0 7 |a Preschool education  |2 SNKPHeng  |9 267868 
650 0 7 |a Elementary school education  |2 SNKPHeng  |9 319966 
650 0 7 |a Education  |2 SNKPHeng  |9 265320 
650 0 7 |a primárne vzdelávanie  |2 SNKPH  |9 182208 
650 0 7 |a predprimárne vzdelávanie  |2 SNKPH  |9 253125 
655 7 |a zborníky konferencií  |2 SNKPH  |9 70153 
655 7 |a CD-ROM  |2 SNKPH  |9 70236 
655 7 |a elektronické zdroje  |2 SNKPH  |9 90954 
655 7 |a Proceedings of conferences  |2 SNKPHeng  |9 265791 
655 7 |a Electronic resources  |2 SNKPHeng  |9 175546 
700 1 |a Uhrinová, Miriam,  |d 1975-  |4 edt  |9 183913 
700 1 |a Benyak, Jozef  |4 edt  |9 375396 
710 2 |a Katolícka univerzita v Ružomberku.  |b Pedagogická fakulta.  |b Katedra predškolskej a elementárnej pedagogiky  |4 pbl  |9 243826 
919 |a 978-80-561-0490-3 
958 |a NB 
999 |c 856201  |d 858131 
952 |a SNK  |b SNK  |y PREZ  |7 0  |p 17A1359671  |o snkSCDM 10261  |i snk2019/4599  |8 0  |0 0  |1 0  |4 0  |d 2019-02-18  |l 0  |r 2026-02-24 04:56:49  |w 2026-02-24 
952 |t snkTEN 376  |a SNKMST  |b SNKMST  |y PREZ  |7 0  |p 17A1360131  |o snkSCDM 10261 D1  |i snk2019/4600  |8 0  |0 0  |1 0  |4 0  |d 2019-02-18  |l 0  |r 2025-08-11 00:00:00  |w 2026-02-24